000 00528nam a22002057a 4500
003 BCEG
005 20260323113516.0
008 260323s2025 mx|||||| |||| 00| 0 spa d
020 _a9786073923682
040 _aBCEG
_bspa
_cBCEG
082 0 4 _a863.6
_bA447a
100 1 _aAlmeida, Manu,
_d1997-.
245 1 0 _aAquello que perseguimos.
260 _aCiudad de México :
_bPlaneta Mexicana,
_c2025.
300 _a350 p.
490 _aBesties Books.
541 _aCompra.
650 1 4 _aNovela juvenil española.
942 _cBK
999 _c437122
_d437122